[Event "10. Torneo IRT Mostoles 2019"]
[Site "Móstoles ESP"]
[Date "2019.07.18"]
[Round "1.1"]
[White "Fernandez Lopez, Jaime"]
[Black "Moreno Ruiz, Javier"]
[Result "0-1"]
[WhiteElo "1676"]
[BlackElo "2473"]
[PlyCount "34"]
[EventDate "2019.07.18"]
[EventType "swiss"]
[EventRounds "9"]
[EventCountry "ESP"]
[SourceTitle "Ajedrez en Madrid"]
[Source "lmi"]
[SourceDate "2019.07.18"]
[SourceVersion "1"]
[SourceVersionDate "2019.07.28"]
[SourceQuality "1"]

1. d4 Nf6 2. c4 g6 3. Nc3 Bg7 4. e4 d6 5. f4 c5 6. d5 O-O 7. Nf3 e6 8. dxe6
fxe6 9. Bd3 Nc6 10. O-O a6 11. Kh1 Bd7 12. e5 dxe5 13. Nxe5 Nxe5 14. fxe5 Nh5
15. Rxf8+ Qxf8 16. Be2 Bc6 17. Qd6 Qf2 0-1

[Event "10. Torneo IRT Mostoles 2019"]
[Site "Móstoles ESP"]
[Date "2019.07.18"]
[Round "1.2"]
[White "Candela Perez, Jose"]
[Black "Candela Martin, Alvaro"]
[Result "1-0"]
[WhiteElo "2338"]
[BlackElo "1631"]
[PlyCount "33"]
[EventDate "2019.07.18"]
[EventType "swiss"]
[EventRounds "9"]
[EventCountry "ESP"]
[SourceTitle "Ajedrez en Madrid"]
[Source "lmi"]
[SourceDate "2019.07.18"]
[SourceVersion "1"]
[SourceVersionDate "2019.07.28"]
[SourceQuality "1"]

1. e4 e5 2. f4 exf4 3. Bc4 g5 4. h4 Bg7 5. hxg5 Qxg5 6. Nf3 Qg3+ 7. Kf1 d6 8.
Nc3 Bxc3 9. bxc3 Ne7 10. d4 a6 11. Bd2 Nd7 12. Rh3 Qg7 13. Bxf4 Nb6 14. Rg3 Ng6
15. Bd3 Bd7 16. Qd2 O-O-O 17. Bh6 1-0

[Event "10. Torneo IRT Mostoles 2019"]
[Site "Móstoles ESP"]
[Date "2019.07.18"]
[Round "1.3"]
[White "Cujba, Anca-Claudia"]
[Black "Longa Yauca, Javier"]
[Result "1/2-1/2"]
[WhiteElo "1620"]
[BlackElo "2261"]
[PlyCount "36"]
[EventDate "2019.07.18"]
[EventType "swiss"]
[EventRounds "9"]
[EventCountry "ESP"]
[SourceTitle "Ajedrez en Madrid"]
[Source "lmi"]
[SourceDate "2019.07.18"]
[SourceVersion "1"]
[SourceVersionDate "2019.07.28"]
[SourceQuality "1"]

1. d4 Nf6 2. Nf3 d6 3. Bf4 g6 4. e3 Bg7 5. Nbd2 O-O 6. Be2 Nbd7 7. c3 Nd5 8.
Bg3 e5 9. Ne4 Ne7 10. Qb3 Nf5 11. Rd1 Qe7 12. h4 Nxg3 13. Nxg3 Nb6 14. h5 Be6
15. c4 Bd7 16. Qa3 Rfe8 17. hxg6 hxg6 18. d5 a5 1/2-1/2

[Event "10. Torneo IRT Mostoles 2019"]
[Site "Móstoles ESP"]
[Date "2019.07.18"]
[Round "1.4"]
[White "Gago Padreny, Ignacio"]
[Black "Ghavami, Mahmoud"]
[Result "1-0"]
[WhiteElo "2258"]
[BlackElo "1583"]
[PlyCount "47"]
[EventDate "2019.07.18"]
[EventType "swiss"]
[EventRounds "9"]
[EventCountry "ESP"]
[SourceTitle "Ajedrez en Madrid"]
[Source "lmi"]
[SourceDate "2019.07.18"]
[SourceVersion "1"]
[SourceVersionDate "2019.07.28"]
[SourceQuality "1"]

1. d4 Nf6 2. Nf3 d5 3. c4 c6 4. e3 Qc7 5. Nc3 Bg4 6. h3 Bf5 7. Be2 dxc4 8. Bxc4
e6 9. O-O Nbd7 10. Nh4 Bg6 11. f4 Ne4 12. Nxg6 Nxc3 13. bxc3 hxg6 14. Rb1 Nb6
15. Bd3 Be7 16. Qb3 Rb8 17. e4 g5 18. fxg5 Rxh3 19. Bf4 Bd6 20. e5 Rxd3 21.
exd6 Qd8 22. Qc2 Re3 23. Bxe3 Qxd6 24. Bf4 1-0

[Event "10. Torneo IRT Mostoles 2019"]
[Site "Móstoles ESP"]
[Date "2019.07.18"]
[Round "1.6"]
[White "Garcia Diaz, Victor"]
[Black "Lopez Manso, Jeronimo"]
[Result "1-0"]
[WhiteElo "2160"]
[BlackElo "1560"]
[PlyCount "31"]
[EventDate "2019.07.18"]
[EventType "swiss"]
[EventRounds "9"]
[EventCountry "ESP"]
[SourceTitle "Ajedrez en Madrid"]
[Source "lmi"]
[SourceDate "2019.07.18"]
[SourceVersion "1"]
[SourceVersionDate "2019.07.28"]
[SourceQuality "1"]

1. e4 Nf6 2. e5 Nd5 3. d4 d6 4. Nf3 Bg4 5. exd6 cxd6 6. Bc4 Nf6 7. h3 Bh5 8.
Bf4 Nbd7 9. O-O d5 10. Bd3 Ne4 11. Re1 Qb6 12. Nc3 Bxf3 13. Qxf3 Nxc3 14. bxc3
Nf6 15. Rab1 Qa5 16. Rxb7 1-0

[Event "10. Torneo IRT Mostoles 2019"]
[Site "Móstoles ESP"]
[Date "2019.07.18"]
[Round "1.7"]
[White "Martinez Pascual, Gonzalo"]
[Black "Sanchez Garcia, Aurelio"]
[Result "0-1"]
[WhiteElo "1557"]
[BlackElo "2011"]
[PlyCount "102"]
[EventDate "2019.07.18"]
[EventType "swiss"]
[EventRounds "9"]
[EventCountry "ESP"]
[SourceTitle "Ajedrez en Madrid"]
[Source "lmi"]
[SourceDate "2019.07.18"]
[SourceVersion "1"]
[SourceVersionDate "2019.07.28"]
[SourceQuality "1"]

1. d4 c5 2. c3 Qc7 3. Nf3 Nf6 4. Bg5 Ne4 5. e3 Nxg5 6. Nxg5 e6 7. Qf3 d5 8.
Bb5+ Nc6 9. Nd2 h6 10. Nh3 cxd4 11. cxd4 Bb4 12. Qe2 Qa5 13. Bxc6+ bxc6 14. a3
Rb8 15. Ra2 Ba6 16. Qd1 Bc4 17. Ra1 Bxd2+ 18. Qxd2 Qxd2+ 19. Kxd2 Rxb2+ 20. Kc3
Rb3+ 21. Kc2 Kd7 22. Rhb1 Rhb8 23. Rxb3 Rxb3 24. Ng1 Rb6 25. Nf3 Bb3+ 26. Kc3
f6 27. Rb1 Ba4 28. Rb4 Bd1 29. Ne1 Be2 30. Ra4 a6 31. Rb4 Kc7 32. g3 a5 33. Rb2
Rxb2 34. Kxb2 Kb6 35. Kc3 Kb5 36. Nc2 Bc4 37. Na1 c5 38. Nc2 Be2 39. dxc5 e5
40. f4 Kxc5 41. Kb3 Bd1 42. Kc3 Bxc2 43. Kxc2 Kc4 44. h3 g5 45. fxe5 fxe5 46.
h4 gxh4 47. gxh4 h5 48. Kb2 Kd3 49. Kb3 Kxe3 50. Ka4 d4 51. Kxa5 d3 0-1

[Event "10. Torneo IRT Mostoles 2019"]
[Site "Móstoles ESP"]
[Date "2019.07.18"]
[Round "1.8"]
[White "Rebollo Palos, Isaac"]
[Black "Rey Martinez, Jaime"]
[Result "1-0"]
[WhiteElo "1869"]
[BlackElo "1503"]
[PlyCount "113"]
[EventDate "2019.07.18"]
[EventType "swiss"]
[EventRounds "9"]
[EventCountry "ESP"]
[SourceTitle "Ajedrez en Madrid"]
[Source "lmi"]
[SourceDate "2019.07.18"]
[SourceVersion "1"]
[SourceVersionDate "2019.07.28"]
[SourceQuality "1"]

1. e4 e5 2. Nf3 Nc6 3. d4 exd4 4. Nxd4 Bb4+ 5. c3 Be7 6. g3 Nf6 7. Bg2 O-O 8.
O-O Re8 9. Re1 Bc5 10. Be3 Bxd4 11. Bxd4 Nxd4 12. cxd4 d6 13. Nc3 Bg4 14. Qd3
c6 15. a4 Qb6 16. b4 Rad8 17. a5 Qc7 18. Rec1 Qe7 19. f4 Bc8 20. Re1 Qd7 21.
Rad1 d5 22. e5 Nh5 23. b5 Qf5 24. Qxf5 Bxf5 25. Bf3 Bg6 26. bxc6 bxc6 27. Bg4
f5 28. Be2 Bf7 29. Na4 h6 30. Kf2 g5 31. Bxh5 Bxh5 32. Rb1 Rb8 33. Rec1 Rb5 34.
Rxb5 cxb5 35. Nc5 Ra8 36. a6 Kf8 37. Rb1 Be8 38. fxg5 hxg5 39. Ne6+ Ke7 40. Nc7
Rb8 41. Nxd5+ Kd8 42. Ke3 Bc6 43. Nb4 Bg2 44. Rc1 Rb6 45. Rc2 Bh1 46. d5 Rh6
47. Rf2 f4+ 48. gxf4 gxf4+ 49. Rxf4 Rxh2 50. Kd4 Rd2+ 51. Kc5 Re2 52. Kd6 Ke8
53. e6 Rh2 54. Rg4 Rh8 55. Nc6 Bf3 56. Rg7 Bh5 57. Rxa7 1-0

[Event "10. Torneo IRT Mostoles 2019"]
[Site "Móstoles ESP"]
[Date "2019.07.18"]
[Round "1.9"]
[White "Salgado Duarte, Pablo"]
[Black "Largo Barbero, Benito"]
[Result "0-1"]
[WhiteElo "1492"]
[BlackElo "1867"]
[PlyCount "96"]
[EventDate "2019.07.18"]
[EventType "swiss"]
[EventRounds "9"]
[EventCountry "ESP"]
[SourceTitle "Ajedrez en Madrid"]
[Source "lmi"]
[SourceDate "2019.07.18"]
[SourceVersion "1"]
[SourceVersionDate "2019.07.28"]
[SourceQuality "1"]

1. d4 g6 2. c4 Bg7 3. Nf3 d6 4. Nc3 Nf6 5. e4 O-O 6. Be2 Na6 7. a3 c5 8. O-O b6
9. Rb1 Nc7 10. b4 Nd7 11. Be3 Bb7 12. Qc2 cxb4 13. axb4 Rc8 14. Qd3 Ba8 15. Ra1
a6 16. d5 b5 17. c5 dxc5 18. Rab1 cxb4 19. Rxb4 Ne8 20. Bd4 Nd6 21. Bxg7 Kxg7
22. Qd4+ f6 23. Ng5 Nc5 24. Bg4 Rc7 25. e5 Nf7 26. exf6+ exf6 27. Ne6+ Nxe6 28.
Bxe6 Ng5 29. Re1 Re8 30. Qe3 Nxe6 31. dxe6 Rce7 32. Rh4 g5 33. Rd4 Qc7 34. Red1
Qc6 35. Qg3 Qxe6 36. h4 h6 37. Rd6 Qb3 38. h5 b4 39. Qd3 Be4 40. Qd4 Qxc3 41.
Qb6 b3 42. f3 Bc2 43. Rf1 Qe3+ 44. Qxe3 Rxe3 45. Rxa6 b2 46. Rb6 b1=Q 47. Rbxb1
Bxb1 48. Rxb1 Re1+ 0-1

[Event "10. Torneo IRT Mostoles 2019"]
[Site "Móstoles ESP"]
[Date "2019.07.18"]
[Round "1.10"]
[White "Gonzalez Pinar, Adrian"]
[Black "Rios Gil, Sergio"]
[Result "1-0"]
[WhiteElo "1866"]
[BlackElo "1575"]
[PlyCount "55"]
[EventDate "2019.07.18"]
[EventType "swiss"]
[EventRounds "9"]
[EventCountry "ESP"]
[SourceTitle "Ajedrez en Madrid"]
[Source "lmi"]
[SourceDate "2019.07.18"]
[SourceVersion "1"]
[SourceVersionDate "2019.07.28"]
[SourceQuality "1"]

1. d4 d5 2. c4 e6 3. Nc3 Nf6 4. cxd5 Nxd5 5. e4 Nb6 6. Nf3 Be7 7. Bd3 Nc6 8.
O-O O-O 9. Be3 Bd7 10. Rc1 f5 11. Qd2 a5 12. a3 Be8 13. exf5 exf5 14. d5 Nxd5
15. Bc4 Bf7 16. Bxd5 Qe8 17. Bxf7+ Qxf7 18. Qd5 Rad8 19. Qxf7+ Rxf7 20. Bf4 h6
21. Bxc7 Rc8 22. Bb6 f4 23. Nd5 Bd6 24. Bxa5 Rf5 25. Nb6 Re8 26. Bc3 Bc5 27.
Nc4 b5 28. Ncd2 1-0

[Event "10. Torneo IRT Mostoles 2019"]
[Site "Móstoles ESP"]
[Date "2019.07.18"]
[Round "1.11"]
[White "Fernandez Rodriguez, Juan"]
[Black "Sotoca Aguado, Jose"]
[Result "0-1"]
[WhiteElo "1442"]
[BlackElo "1865"]
[PlyCount "55"]
[EventDate "2019.07.18"]
[EventType "swiss"]
[EventRounds "9"]
[EventCountry "ESP"]
[SourceTitle "Ajedrez en Madrid"]
[Source "lmi"]
[SourceDate "2019.07.18"]
[SourceVersion "1"]
[SourceVersionDate "2019.07.28"]
[SourceQuality "1"]

1. d4 Nf6 2. Bf4 d5 3. e3 c5 4. c3 e6 5. Bd3 Bd6 6. Nf3 Bxf4 7. exf4 cxd4 8.
Nxd4 Nc6 9. Nf3 Qb6 10. Qc2 Bd7 11. Nbd2 Rc8 12. Qb3 Qc7 13. g3 O-O 14. O-O b6
15. Rfe1 Na5 16. Qd1 Nc4 17. Nxc4 dxc4 18. Bf1 Bc6 19. Bg2 Rcd8 20. Qc2 Qb7 21.
Nh4 Bxg2 22. Nxg2 Rd3 23. Rad1 Rfd8 24. Rxd3 Rxd3 25. Rd1 Qf3 26. Rxd3 cxd3 27.
Qd2 Ne4 28. Nh4 0-1

[Event "10. Torneo IRT Mostoles 2019"]
[Site "Móstoles ESP"]
[Date "2019.07.18"]
[Round "1.12"]
[White "Navarro Moreno, Juan Carlos"]
[Black "Martin Garcia, Francisco Javier"]
[Result "1-0"]
[WhiteElo "1864"]
[BlackElo "1428"]
[PlyCount "57"]
[EventDate "2019.07.18"]
[EventType "swiss"]
[EventRounds "9"]
[EventCountry "ESP"]
[SourceTitle "Ajedrez en Madrid"]
[Source "lmi"]
[SourceDate "2019.07.18"]
[SourceVersion "1"]
[SourceVersionDate "2019.07.28"]
[SourceQuality "1"]

1. d4 Nf6 2. Nc3 g6 3. e4 d6 4. f3 Bg7 5. Be3 O-O 6. Qd2 Re8 7. Bh6 Bh8 8. h4
c6 9. h5 b5 10. hxg6 fxg6 11. g4 Be6 12. Qh2 Nbd7 13. Bd3 Nf8 14. Nge2 Bf7 15.
Bxf8 Kxf8 16. e5 dxe5 17. dxe5 Nd5 18. f4 Bg7 19. Qxh7 b4 20. Ne4 Qb6 21. Ng5
c5 22. Nxf7 Kxf7 23. Qh3 Rh8 24. Qf3 Rxh1+ 25. Qxh1 Rd8 26. Qe4 Qc6 27. O-O-O
b3 28. axb3 Rc8 29. Bc4 1-0

[Event "10. Torneo IRT Mostoles 2019"]
[Site "Móstoles ESP"]
[Date "2019.07.18"]
[Round "1.13"]
[White "Olmedo Alvarez, Marcos"]
[Black "Martin-Consuegra Barrilero, Francisco Javier"]
[Result "0-1"]
[WhiteElo "1357"]
[BlackElo "1828"]
[PlyCount "140"]
[EventDate "2019.07.18"]
[EventType "swiss"]
[EventRounds "9"]
[EventCountry "ESP"]
[SourceTitle "Ajedrez en Madrid"]
[Source "lmi"]
[SourceDate "2019.07.18"]
[SourceVersion "1"]
[SourceVersionDate "2019.07.28"]
[SourceQuality "1"]

1. e4 d6 2. d4 Nf6 3. Nc3 e5 4. dxe5 dxe5 5. Qxd8+ Kxd8 6. Bg5 c6 7. Bxf6+ gxf6
8. O-O-O+ Kc7 9. Nf3 Be6 10. Kb1 Nd7 11. Nh4 Bc5 12. f3 h5 13. Nf5 Rhg8 14. h4
Bxf5 15. exf5 Nb6 16. Ne4 Be7 17. g3 Rg7 18. Be2 a5 19. Rhg1 Rh8 20. c4 Nd7 21.
c5 Nxc5 22. Nxc5 Bxc5 23. Rg2 Rhg8 24. g4 Bd4 25. Rd3 Rh8 26. Rh2 Rgg8 27. g5
fxg5 28. hxg5 h4 29. Rh3 c5 30. Rd1 Rg7 31. Rdh1 Rxg5 32. Rxh4 Rxh4 33. Rxh4
Rxf5 34. Rh7 Kd6 35. Kc2 Ke7 36. b3 b5 37. Rh6 b4 38. Ra6 Rf4 39. Rxa5 e4 40.
fxe4 Rxe4 41. Kd3 Re3+ 42. Kd2 f5 43. Ra7+ Kf6 44. Bc4 Re5 45. Rf7+ Kg5 46. Rd7
Kf4 47. Rh7 Bc3+ 48. Kc1 Re1+ 49. Kc2 Rg1 50. Rh2 Kg3 51. Re2 Ra1 52. Kd3 Rd1+
53. Kc2 Rd6 54. a3 f4 55. axb4 cxb4 56. Re6 Rd2+ 57. Kc1 f3 58. Re3 Kf4 59. Re1
Rh2 60. Rd1 f2 61. Rf1 Be1 62. Kd1 Ke3 63. Be2 Rh8 64. Rxe1 fxe1=Q+ 65. Kxe1
Rh1+ 66. Bf1 Rxf1+ 67. Kxf1 Kd2 68. Kf2 Kc2 69. Ke3 Kxb3 70. Kd2 Ka2 0-1

[Event "10. Torneo IRT Mostoles 2019"]
[Site "Móstoles ESP"]
[Date "2019.07.18"]
[Round "1.14"]
[White "Camarero Izquierdo, Juan Carlos"]
[Black "Olmedo Alvarez, Jesus"]
[Result "1-0"]
[WhiteElo "1801"]
[BlackElo "1377"]
[PlyCount "73"]
[EventDate "2019.07.18"]
[EventType "swiss"]
[EventRounds "9"]
[EventCountry "ESP"]
[SourceTitle "Ajedrez en Madrid"]
[Source "lmi"]
[SourceDate "2019.07.18"]
[SourceVersion "1"]
[SourceVersionDate "2019.07.28"]
[SourceQuality "1"]

1. e4 e6 2. d4 d5 3. e5 c5 4. c3 Nc6 5. Nf3 Qb6 6. a3 Nh6 7. Bd3 Nf5 8. O-O Be7
9. Re1 Bd7 10. Bxf5 exf5 11. a4 Be6 12. Na3 O-O-O 13. Qc2 Kb8 14. dxc5 Bxc5 15.
b4 Be7 16. a5 Qc7 17. Nb5 Nxb4 18. Qa4 Qc6 19. cxb4 Bd7 20. Nfd4 Qc4 21. Bf4 g5
22. e6+ gxf4 23. exd7 Bf6 24. Rac1 Qd3 25. Red1 Qe4 26. Nd6 Qe7 27. Rc8+ Rxc8
28. dxc8=Q+ Rxc8 29. Nxc8 Kxc8 30. Nxf5 Qe6 31. Rc1+ Kb8 32. Qc2 Qd7 33. b5 Be5
34. b6 d4 35. Ne7 axb6 36. axb6 Ka8 37. Qa2+ 1-0

[Event "10. Torneo IRT Mostoles 2019"]
[Site "Móstoles ESP"]
[Date "2019.07.18"]
[Round "1.15"]
[White "Rapaport, Andres Natalio"]
[Black "Olmedo Aznar, Eduardo"]
[Result "0-1"]
[WhiteElo "1283"]
[BlackElo "1786"]
[PlyCount "72"]
[EventDate "2019.07.18"]
[EventType "swiss"]
[EventRounds "9"]
[EventCountry "ESP"]
[SourceTitle "Ajedrez en Madrid"]
[Source "lmi"]
[SourceDate "2019.07.18"]
[SourceVersion "1"]
[SourceVersionDate "2019.07.28"]
[SourceQuality "1"]

1. e4 Nf6 2. e5 Nd5 3. Bc4 Nb6 4. Bb3 d6 5. Nf3 e6 6. O-O Be7 7. d4 O-O 8. c3
Nc6 9. Re1 Re8 10. Nbd2 Nd7 11. exd6 cxd6 12. Nf1 Nf6 13. Ng3 Bd7 14. Bc2 Qa5
15. Qd3 g6 16. h3 Rad8 17. Ne4 e5 18. b4 Qc7 19. d5 Nb8 20. Bg5 Nxe4 21. Qxe4
Bf5 22. Qe2 Bxc2 23. Qxc2 Rc8 24. Rac1 Na6 25. Qb3 Bf8 26. Nd2 Qd7 27. Ne4 Bg7
28. Bh6 Qe7 29. Bxg7 Kxg7 30. Re3 f5 31. Nd2 Nc7 32. f4 Qf7 33. fxe5 Qxd5 34.
Qxd5 Nxd5 35. Rd3 Nf4 36. Kf2 Nxd3+ 0-1

[Event "10. Torneo IRT Mostoles 2019"]
[Site "Móstoles ESP"]
[Date "2019.07.18"]
[Round "1.16"]
[White "Contreras Donoso, Juan Francisco"]
[Black "Fernandez Rodriguez, Diego"]
[Result "1-0"]
[WhiteElo "1766"]
[BlackElo "1208"]
[PlyCount "77"]
[EventDate "2019.07.18"]
[EventType "swiss"]
[EventRounds "9"]
[EventCountry "ESP"]
[SourceTitle "Ajedrez en Madrid"]
[Source "lmi"]
[SourceDate "2019.07.18"]
[SourceVersion "1"]
[SourceVersionDate "2019.07.28"]
[SourceQuality "1"]

1. e4 e5 2. Nf3 Nc6 3. Bb5 Nge7 4. c3 g6 5. Bc4 Bg7 6. d3 O-O 7. Nbd2 Na5 8.
Bb5 a6 9. Ba4 d6 10. Nf1 Bd7 11. Bxd7 Qxd7 12. h4 h5 13. b4 Nac6 14. Ne3 d5 15.
Ng5 d4 16. cxd4 Qxd4 17. Nc2 Qd6 18. Rb1 Qf6 19. O-O b6 20. f4 Qd6 21. f5 a5
22. b5 Nd4 23. Ba3 Qd7 24. f6 Nxb5 25. fxe7 Rfe8 26. Rxf7 Nxa3 27. Nxa3 Rxe7
28. Rxe7 Qxe7 29. Qb3+ Kh8 30. Rf1 Rf8 31. Rxf8+ Qxf8 32. Ne6 Qf6 33. Nxg7 Qxh4
34. Qc3 Kxg7 35. Qxe5+ Kh6 36. Nc2 c5 37. Qh8+ Kg5 38. Qd8+ Kf4 39. Qxh4+ 1-0

[Event "10. Torneo IRT Mostoles 2019"]
[Site "Móstoles ESP"]
[Date "2019.07.18"]
[Round "1.17"]
[White "Aznar Gonzalez, Monica"]
[Black "Martin Diaz, Juan"]
[Result "0-1"]
[WhiteElo "1154"]
[BlackElo "1762"]
[PlyCount "78"]
[EventDate "2019.07.18"]
[EventType "swiss"]
[EventRounds "9"]
[EventCountry "ESP"]
[SourceTitle "Ajedrez en Madrid"]
[Source "lmi"]
[SourceDate "2019.07.18"]
[SourceVersion "1"]
[SourceVersionDate "2019.07.28"]
[SourceQuality "1"]

1. e4 c5 2. Nf3 d6 3. Bc4 e6 4. c3 Nf6 5. d3 Be7 6. O-O Nc6 7. Re1 O-O 8. Bb3
Qc7 9. Nbd2 b6 10. Nf1 Bb7 11. Ng3 Rfb8 12. h3 h6 13. Nh2 d5 14. Qf3 Ne5 15.
Qe2 Nxd3 16. Qxd3 c4 17. Bxc4 dxc4 18. Qe2 Bc5 19. e5 Nd5 20. Qg4 Kh8 21. Nh5
Bf8 22. Nf4 Rd8 23. Nxd5 Rxd5 24. Bf4 Rd3 25. Rad1 Rad8 26. Rxd3 cxd3 27. Nf3
Qc4 28. a3 Bxf3 29. gxf3 d2 30. Bxd2 Qxg4+ 31. fxg4 Rxd2 32. b3 Rd3 33. Re3
Rxe3 34. fxe3 Bxa3 35. Kf2 Bb2 36. c4 Bxe5 37. Kf3 Kg8 38. e4 Kf8 39. h4 Ke7
0-1

[Event "10. Torneo IRT Mostoles 2019"]
[Site "Móstoles ESP"]
[Date "2019.07.18"]
[Round "1.18"]
[White "Lopez Orellana, Federico"]
[Black "Olmedo Aznar, Mario"]
[Result "1-0"]
[WhiteElo "1752"]
[BlackElo "1163"]
[PlyCount "53"]
[EventDate "2019.07.18"]
[EventType "swiss"]
[EventRounds "9"]
[EventCountry "ESP"]
[SourceTitle "Ajedrez en Madrid"]
[Source "lmi"]
[SourceDate "2019.07.18"]
[SourceVersion "1"]
[SourceVersionDate "2019.07.28"]
[SourceQuality "1"]

1. d4 Nf6 2. Bg5 e6 3. e3 d5 4. Nd2 c5 5. c3 Nc6 6. Ngf3 Be7 7. Bd3 Qb6 8. Rb1
Bd7 9. O-O h6 10. Bh4 c4 11. Bc2 Na5 12. b3 cxb3 13. axb3 Qc7 14. b4 Nc4 15.
Nxc4 Qxc4 16. Ne5 Qxc3 17. Bxf6 Bxf6 18. Nxd7 Kxd7 19. Ba4+ Kd8 20. Qe2 Qc7 21.
Rfc1 Qe7 22. Rc2 a6 23. b5 Qd6 24. Rc5 axb5 25. Qxb5 Rf8 26. Qxb7 Rxa4 27. Rc8#
1-0

[Event "10. Torneo IRT Mostoles 2019"]
[Site "Móstoles ESP"]
[Date "2019.07.18"]
[Round "1.19"]
[White "Tudoroiu, Adrian Eugen"]
[Black "Huerta Navarro, Eusebio"]
[Result "0-1"]
[WhiteElo "1108"]
[BlackElo "1739"]
[PlyCount "86"]
[EventDate "2019.07.18"]
[EventType "swiss"]
[EventRounds "9"]
[EventCountry "ESP"]
[SourceTitle "Ajedrez en Madrid"]
[Source "lmi"]
[SourceDate "2019.07.18"]
[SourceVersion "1"]
[SourceVersionDate "2019.07.28"]
[SourceQuality "1"]

1. d4 d5 2. Bf4 Nc6 3. Nf3 Nf6 4. e3 Bg4 5. Be2 e6 6. a3 Bd6 7. h3 Bxf3 8. Bxf3
Bxf4 9. exf4 Qd6 10. g3 O-O-O 11. Nc3 Ne7 12. Na4 h6 13. c3 g5 14. fxg5 hxg5
15. g4 Nd7 16. Bg2 f5 17. Qf3 Qa6 18. Nc5 Nxc5 19. dxc5 Qc4 20. b4 Qe4+ 21.
Qxe4 dxe4 22. Rd1 Nd5 23. c4 Nf4 24. Rxd8+ Rxd8 25. Bf1 Ng6 26. gxf5 exf5 27.
Rg1 Nh4 28. Be2 Rg8 29. Kd2 f4 30. Bg4+ Kd8 31. Kc3 Rg7 32. Kd4 Re7 33. Re1 e3
34. fxe3 Ng2 35. Re2 Nxe3 36. Bf3 Rd7+ 37. Kc3 c6 38. Rd2 Rxd2 39. Kxd2 Nxc4+
40. Kc3 Nxa3 41. Be2 Ke7 42. Kb2 Nb5 43. Bxb5 cxb5 0-1

[Event "10. Torneo IRT Mostoles 2019"]
[Site "Móstoles ESP"]
[Date "2019.07.19"]
[Round "2.1"]
[White "Moreno Ruiz, Javier"]
[Black "Navarro Moreno, Juan Carlos"]
[Result "1-0"]
[WhiteElo "2473"]
[BlackElo "1864"]
[PlyCount "91"]
[EventDate "2019.07.18"]
[EventType "swiss"]
[EventRounds "9"]
[EventCountry "ESP"]
[SourceTitle "Ajedrez en Madrid"]
[Source "lmi"]
[SourceDate "2019.07.18"]
[SourceVersion "1"]
[SourceVersionDate "2019.07.28"]
[SourceQuality "1"]

1. d4 d5 2. c4 c6 3. Nc3 Nf6 4. cxd5 cxd5 5. Bf4 Nc6 6. e3 a6 7. Bd3 g6 8. Nf3
Bg7 9. O-O O-O 10. Rc1 Nh5 11. Bg5 Qd6 12. Qb3 Be6 13. Na4 b5 14. Nc5 Bg4 15.
Be2 h6 16. Bh4 g5 17. Bg3 Nxg3 18. hxg3 Rfc8 19. Rfd1 Bf5 20. a4 Rcb8 21. axb5
axb5 22. Ra1 Na5 23. Qb4 Nc6 24. Qd2 b4 25. Rdc1 e6 26. Nb7 Qe7 27. Nc5 Qd6 28.
Ba6 Ra7 29. Ra4 Rb6 30. Rca1 Nb8 31. Be2 Rxa4 32. Rxa4 Nc6 33. Ra8+ Rb8 34. Ra6
Qc7 35. Qd1 Bf8 36. Qa4 Rb6 37. Rxb6 Qxb6 38. Nd7 Qb7 39. Nxf8 Kxf8 40. Bb5 Na7
41. Ba6 Qb6 42. Ne5 Kg7 43. Bf1 Bg6 44. Qd7 Qa5 45. Bd3 Nc6 46. Qxc6 1-0

[Event "10. Torneo IRT Mostoles 2019"]
[Site "Móstoles ESP"]
[Date "2019.07.19"]
[Round "2.2"]
[White "Martin-Consuegra Barrilero, Francisco Javier"]
[Black "Candela Perez, Jose"]
[Result "0-1"]
[WhiteElo "1828"]
[BlackElo "2338"]
[PlyCount "108"]
[EventDate "2019.07.18"]
[EventType "swiss"]
[EventRounds "9"]
[EventCountry "ESP"]
[SourceTitle "Ajedrez en Madrid"]
[Source "lmi"]
[SourceDate "2019.07.18"]
[SourceVersion "1"]
[SourceVersionDate "2019.07.28"]
[SourceQuality "1"]

1. d4 d5 2. Bf4 e6 3. e3 Bd6 4. Bg3 Nf6 5. Bd3 O-O 6. Nf3 b6 7. Qe2 c5 8. c3
Bb7 9. Nbd2 Nc6 10. e4 Be7 11. e5 Nd7 12. O-O a5 13. Rfe1 c4 14. Bc2 b5 15.
Rad1 b4 16. Nb1 Ba6 17. Qe3 Rb8 18. Rd2 b3 19. axb3 cxb3 20. Bd1 a4 21. Be2
Bxe2 22. Qxe2 Na5 23. Bf4 Nc4 24. Rd3 Ndb6 25. Bc1 a3 26. bxa3 Na4 27. Rf1 b2
28. Be3 Nxa3 29. Nfd2 Nb6 30. Nxa3 Bxa3 31. Nb1 Nc4 32. Bf4 Qh4 33. Qf3 Be7 34.
g3 Qh3 35. g4 Qxf3 36. Rxf3 Ra8 37. Rd3 Ra1 38. Rdd1 Rfa8 39. Kg2 R8a2 40. Kf3
Kf8 41. Ke2 Ke8 42. Kd3 Kd7 43. Kc2 Kc6 44. Kb3 Kb5 45. h3 Na3 46. Be3 Nxb1 47.
Rxb1 Ba3 48. h4 Rxb1 49. Rxb1 Ra1 50. Kc2 Kc4 51. h5 Rxb1 52. Kxb1 Kxc3 53. g5
g6 54. hxg6 hxg6 0-1

[Event "10. Torneo IRT Mostoles 2019"]
[Site "Móstoles ESP"]
[Date "2019.07.19"]
[Round "2.3"]
[White "Olmedo Aznar, Eduardo"]
[Black "Gago Padreny, Ignacio"]
[Result "0-1"]
[WhiteElo "1786"]
[BlackElo "2258"]
[PlyCount "60"]
[EventDate "2019.07.18"]
[EventType "swiss"]
[EventRounds "9"]
[EventCountry "ESP"]
[SourceTitle "Ajedrez en Madrid"]
[Source "lmi"]
[SourceDate "2019.07.18"]
[SourceVersion "1"]
[SourceVersionDate "2019.07.28"]
[SourceQuality "1"]

1. e4 c5 2. Nf3 a6 3. d3 Nc6 4. g3 d5 5. Nbd2 d4 6. Bg2 g6 7. O-O Bg7 8. Re1 e5
9. Nf1 Nf6 10. Bd2 O-O 11. Qc1 Re8 12. Ng5 b5 13. f4 c4 14. fxe5 Nxe5 15. Nf3
Nfg4 16. Nxe5 Nxe5 17. Bf4 cxd3 18. Bxe5 d2 19. Nxd2 Bxe5 20. Nf3 Bg7 21. Qd2
Bg4 22. Qd3 Rc8 23. Re2 Qb6 24. Rf2 Rc7 25. Ne1 Bh6 26. Kh1 Be3 27. Rf1 Qc5 28.
a4 Re5 29. axb5 Rh5 30. bxa6 Rxh2+ 0-1